A PRACTICLE BOOK OF COMMUNICATION SKILL (Record no. 5802)

MARC details
000 -LEADER
fixed length control field 00388nam a22001577a 4500
005 - DATE AND TIME OF LATEST TRANSACTION
control field 20210828140525.0
008 - FIXED-LENGTH DATA ELEMENTS--GENERAL INFORMATION
fixed length control field 190404b xxu||||| |||| 00| 0 eng d
020 ## - INTERNATIONAL STANDARD BOOK NUMBER
ISBN 978-93-83943-16-3
041 ## - LANGUAGE CODE
Language code of text/sound track or separate title eng
100 ## - MAIN ENTRY--AUTHOR NAME
Personal name PANDAY, DR. MEENU
245 ## - TITLE STATEMENT
Title A PRACTICLE BOOK OF COMMUNICATION SKILL
250 ## - EDITION STATEMENT
Edition statement 3rd, 2019
260 ## - PUBLICATION, DISTRIBUTION, ETC. (IMPRINT)
Place of publication PUNE
Name of publisher NIRALI PRAKASHAN
300 ## - PHYSICAL DESCRIPTION
Number of Pages 90
942 ## - ADDED ENTRY ELEMENTS (KOHA)
Koha item type Books
Holdings
Lost status Damaged status Collection code Home library Current library Shelving location Date acquired Source of acquisition Cost, normal purchase price Full call number Accession Number Koha item type
    PHARMACY JRU Library JRU Library Shelf - 27- E 04/04/2019 PURCHESS 90.00 302.2 22576 Books
    PHARMACY JRU Library JRU Library Shelf - 27- E 04/04/2019 PURCHESS 90.00 302.2 22577 Books
    PHARMACY JRU Library JRU Library Shelf - 27- E 04/04/2019 PURCHESS 90.00 302.2 22578 Books
    PHARMACY JRU Library JRU Library Shelf - 27- E 04/04/2019 PURCHESS 90.00 302.2 22579 Books
    PHARMACY JRU Library JRU Library Shelf - 27- E 04/04/2019 PURCHESS 90.00 302.2 22580 Books
    PHARMACY JRU Library JRU Library Shelf - 27- E 04/04/2019 PURCHESS 90.00 302.2 22581 Books
    PHARMACY JRU Library JRU Library Shelf - 27- E 04/04/2019 PURCHESS 90.00 302.2 22582 Books
    PHARMACY JRU Library JRU Library Shelf - 27- E 04/04/2019 PURCHESS 90.00 302.2 22583 Books
    PHARMACY JRU Library JRU Library Shelf - 24- J 04/04/2019 PURCHESS 90.00   22584 Books
    Reference JRU Library JRU Library SHELF - 10 - E 04/04/2019 PURCHESS 90.00   22585 Books